000 00944nam a2200289Ia 4500
001 Para_9230
003 CHAP
008 220125s2006 xx 000 0 und d
010 _a207969
040 _cCHAP
090 _aTESIS 2027
100 _aBaez Salgado, María de Lourdes
_913264
245 _aPlagas y enfermedades del nopal (Opuntia spp) en Axapusco, Estado de México /
_c por María de Lourdes Baez Salgado
260 _aChapingo, Méx. :
_b el autor
300 _a57 h.
502 _aTesis (Ing. Agr. Esp. en Parasitología Agrícola) -- UACh. Departamento Parasitología Agrícola
650 _aNopal
_x enfermedades
_981667
650 _aNopal
_x plagas
_981689
710 _aUACh. Departamento Parasitología Agrícola
_9164025
901 _aTESIS 2027
902 _aM
905 _a0000002006 a 0000000000 00
910 _a2006
942 _cPARA
942 _cPARA
_d2
999 _c207969
_d207969